Pohár prvý raz Myjave O prvenstvo: Spartak SAM-SLOVMAD Cassovia Košice 95:69 (43:30)

Bibliographic Details
Format: Article
Language:Slovak
Subjects:

MARC

LEADER 00000nab a2200000 a 4500
001 vtls000576532
003 SK-MaSNL
005 20260303010931.0
008 120929c1996 xo 0 slo
015 |a SNBRB19rr/mm-uuuuu 
035 |a CL0576670 
040 |a SNKBUCL  |b slo  |c SNKBUCL  |e AACR2 
041 0 |a slo 
044 |a xo  |c SK 
080 |a 796.323.093.1  |2 1981 
245 0 0 |a Pohár prvý raz Myjave  |b O prvenstvo: Spartak SAM-SLOVMAD Cassovia Košice 95:69 (43:30) 
650 0 7 |a basketbal  |2 snkbucl  |9 3290 
650 0 7 |a Slovenský pohár 1996  |2 snkbucl  |9 988939 
655 7 |a články z novín a časopisov  |2 snkbucl  |9 267496 
773 0 |t Šport  |g Roč. 50, č. 65 (18. 3. 1996), s. 12 
850 |a Slovenská národná knižnica v Martine  |a MTA001 
852 |a SNK  |b KIS3GCP 
958 |a RK 
992 |a RBX 
999 |c 1589656  |d 1591586